MARC details
| 000 -CABECERA |
| campo de control de longitud fija |
02178nam a22003734i 4500 |
| 001 - NÚMERO DE CONTROL |
| campo de control |
991061739673506706 |
| 003 - IDENTIFICADOR DEL NÚMERO DE CONTROL |
| campo de control |
ES-BaIT |
| 005 - FECHA Y HORA DE LA ÚLTIMA TRANSACCIÓN |
| campo de control |
20260413100348.0 |
| 008 - DATOS DE LONGITUD FIJA--INFORMACIÓN GENERAL |
| campo de control de longitud fija |
260331s2024 sp a 6 000 j spa c |
| 017 ## - NÚMERO DE COPYRIGHT O DE DEPÓSITO LEGAL |
| Número de copyright o de depósito legal |
DL M 2526-2024 |
| Agencia que asigna |
Oficina DL Madrid |
| 020 ## - NÚMERO INTERNACIONAL ESTÁNDAR DEL LIBRO |
| Número Internacional Estándar del Libro |
9788410158382 |
| 040 ## - FUENTE DE LA CATALOGACIÓN |
| Centro catalogador/agencia de origen |
ES-BaIT |
| Lengua de catalogación |
cat |
| Normas de descripción |
rda |
| Centro/agencia transcriptor |
ES-BaIT |
| 041 1# - CÓDIGO DE LENGUA |
| Código de lengua del texto/banda sonora o título independiente |
spa |
| Código de lengua original |
fre |
| 080 ## - NÚMERO DE LA CLASIFICACIÓN DECIMAL UNIVERSAL |
| Número de la Clasificación Decimal Universal |
793(09) |
| 100 1# - ENTRADA PRINCIPAL--NOMBRE DE PERSONA |
| Nombre de persona |
Cappelle, Laura |
| Término indicativo de función/relación |
autor |
| 9 (RLIN) |
169225 |
| 240 1# - TÍTULO UNIFORME |
| Título uniforme |
Histoire dessinée de la danse. |
| Lenguaje de la obra |
Castellà |
| 9 (RLIN) |
169226 |
| 245 14 - MENCIÓN DE TÍTULO |
| Título |
Una Historia ilustrada de la danza / |
| Mención de responsabilidad, etc. |
Laura Cappelle ; Thomas Gilbert ; traducción de Julia C. Gómez Sáez |
| 264 #1 - PRODUCCIÓN, PUBLICACIÓN, DISTRIBUCIÓN, FABRICACIÓN Y COPYRIGHT |
| Producción, publicación, distribución, fabricación y copyright |
Madrid : |
| Nombre del de productor, editor, distribuidor, fabricante |
Liana Editorial, |
| Fecha de producción, publicación, distribución, fabricación o copyright |
[2024] |
| 300 ## - DESCRIPCIÓN FÍSICA |
| Extensión |
249 pàgines : |
| Otras características físicas |
il·lustracions en color ; |
| Dimensiones |
28 cm |
| 336 ## - TIPO DE CONTENIDO |
| Término de tipo de contenido |
text |
| Código de tipo de contenido |
txt |
| Fuente |
rdacontent |
| 336 ## - TIPO DE CONTENIDO |
| Término de tipo de contenido |
imatge fixa |
| Código de tipo de contenido |
sti |
| Fuente |
rdacontent |
| 337 ## - TIPO DE MEDIO |
| Nombre/término del tipo de medio |
sense mediació |
| Código del tipo de medio |
n |
| Fuente |
rdamedia |
| 338 ## - TIPO DE SOPORTE |
| Nombre/término del tipo de soporte |
volum |
| Código del tipo de soporte |
nc |
| Fuente |
rdacarrier |
| 490 1# - MENCIÓN DE SERIE |
| Mención de serie |
Bromelia ; |
| Designación de volumen o secuencia |
38 |
| 500 ## - NOTA GENERAL |
| Nota general |
Títol original: Une Histoire dessinée de la danse |
| 520 ## - SUMARIO, ETC. |
| Sumario, etc. |
"Andrea y Camille, protagonistas e hilos conductores de este cómic, viajan a través de las épocas para experimentar en su cuerpo la evolución del movimiento. Buscarán el trance en los ritos griegos de Dioniso, se ocultarán tras máscaras en la antigua Roma, participarán en los ballets de la corte francesa de Luis XIV. En un largo viaje rebosante de encuentros y anécdotas recorrerán lugares emblemáticos como la Ópera de París, los Teatros Imperiales Rusos o la escena neoyorkina de la segunda mitad del siglo xx. Vivirán el nacimiento del vals, del ballet romántico, de la danza contemporánea e incluso del hip hop, y acontecimientos que supusieron grandes cambios en el arte, desde la Revolución francesa a la Segunda Guerra Mundial, o la epidemia del SIDA. Siempre con la obsesión de expresarse plenamente a través de la danza, se cruzarán con ilustres" -- Contracoberta |
| 650 #0 - PUNTO DE ACCESO ADICIONAL DE MATERIA--TÉRMINO DE MATERIA |
| Término de materia o nombre geográfico como elemento de entrada |
Dansa |
| Subdivisión general |
Història |
| Subdivisión de forma |
Còmics |
| Fuente del encabezamiento o término |
lemac |
| 9 (RLIN) |
169228 |
| 700 1# - ENTRADA AGREGADA--NOMBRE PERSONAL |
| Nombre de persona |
Gilbert, Thomas |
| Término indicativo de función/relación |
il·lustrador |
| 9 (RLIN) |
169229 |
| 700 1# - ENTRADA AGREGADA--NOMBRE PERSONAL |
| Nombre de persona |
Gómez Sáez, Julia C. |
| Término indicativo de función/relación |
traductor |
| 9 (RLIN) |
162901 |
| 830 ## - PUNTO DE ACCESO ADICIONAL DE SERIE-TÍTULO UNIFORME |
| Título uniforme |
Bromelia (Liana) |
| Designación de volumen o secuencia |
38 |
| 9 (RLIN) |
169230 |
| 908 ## - COLOCAR PARÁMETRO DE COMANDO (RLIN) |
| Colocar parámetro de comando |
CDMAE |
| 940 ## - EQUIVALENCIA O REFERENCIA-CRUZADA--TÍTULO UNIFORME [OBSOLETO] [solamente CAN/MARC] |
| Título uniforme |
<a href="CVA2">CVA2</a> |
| 942 ## - ELEMENTOS DE ENTRADA AGREGADA (KOHA) |
| Fuente del sistema de clasificación o colocación |
Clasificación decimal universal |
| Tipo de ítem Koha |
Llibre |